00398nam a2200181Ia 4500003000900000008004100009040001300050040001300063041000800076100002100084245004700105250001300152260001500165260000900180300001100189300001000200490000600210IT-RoPAU120407s9999 xx 000 0 und d aIT-RoPAU cIT-RoPAU aita aGiorgio Berlutti a"Ritorno all’amore Sulle orme di Gesù" aLanciano aR. Carabba c1944 a431 p. c22 cm v1